| 000 | 00596nam a2200205Ii 4500 | ||
|---|---|---|---|
| 003 | JO-AjNU | ||
| 008 | 230606s9999||||xx |||||||||||||| ||und|| | ||
| 020 | _a0-9521497-1-0 | ||
| 040 |
_aJO-AjNU _beng _erda _cJO-AjNU |
||
| 041 | _aeng | ||
| 050 | 1 | 4 | _aBP166.G8513 2000 |
| 100 | 3 |
_aGulen, Fethullah, _eauthor _95344 |
|
| 245 | 0 | 0 | _aQuestions and Answers about Faith vol.1 |
| 264 | 3 | 1 | _aVirginia: The Fountain,2000 |
| 300 | _avolume1, 248p | ||
| 336 |
_atext _btxt _2rdacontent |
||
| 337 |
_aunmediated _bn _2rdamedia |
||
| 338 |
_avolume _bnc _2rdacarrier |
||
| 650 | 4 |
_aIslam - Doctrines _95345 |
|
| 999 |
_aE2760 _c2758 _d2758 |
||